Tilastot visalle Komorit-visa

Klikkaa tästä pelataksesi tätä visaa!

Yleistilastot

  • Tätä visaa on pelattu 158 kertaa
  • Keskiarvotulos 10 / 16

Vastaustilastot

VihjeVastaus% Oikein
ValtionuskontoIslam
95%
Viralliset kieletRanska
94%
Valtameri, jossa Komorit sijaitseeIntian valtameri
89%
Viralliset kieletKomori
84%
Viralliset kieletArabia
77%
PääkaupunkiMoroni
77%
ValuuttaFrangi
72%
Monet komorilaiset säästävät pitkään "adaa" eli perinteisiä komorilaisia _____ vartenHäitä
69%
Komorien saariryhmään kuuluva Ranskan hallinnoima saari, jonka Komorit on vaatinutMayotte
56%
Vuonna 1503 ensimmäisenä eurooppalaisena Komoreilla käynyt henkilöVasco da Gama
51%
Nämä kattavat 40 % viennistäMausteet
45%
Kanaali, jossa Komorit sijaitseeMosambikin kanaali
45%
Komorien suurin ja väkirikkain saariIso-Komori
40%
Kaksi muuta pääsaartaAnjouan
33%
Kaksi muuta pääsaartaMohéli
33%
Pääsaarella sijaitseva tulivuori, joka on purkautunut yli 20 kertaa 1900-luvulta lähtienKarthala
30%

Tulosjakauma

Persentiili vastausten määrän mukaan

Jokaisen tuloksen saaneiden osuus

Tuloshistoriasi

Et ole pelannut tätä visaa